Wyżyny w Polsce - Statystyki

Ogólne statystyki
  • Ten quiz został rozwiązany 202 razy
  • Średni wynik to 3 z 6
Statystyki odpowiedzi
Wyżyny w Polsce % Poprawnych
Wyżyna Śląska
88%
Wyżyna Lubelska
83%
Wyżyna Krakowsko-częstochowska
80%
Roztocze
42%
Niecka Nidziańska
17%
Wyżyna Kielecko-sandomierska
15%
Nie znaleziono quizów pasujących do podanych kryteriów
Rozkład punktacji
Procent ludzi z każdym wynikiem
Percentyl według liczby udzielonych odpowiedzi
Twoja historia wyników
Nie rozwiązałeś tego quizu